Đàm thoại tiếng Anh theo ngữ cảnh = Conversations in contexts

Guardado en:
Detalles Bibliográficos
Formato: Libro
Lenguaje:Undetermined
Publicado: Thành phố Hồ Chí Minh Nhà xuất bản Thành phố Hồ Chí Minh 2004
Materias:
Etiquetas: Agregar Etiqueta
Sin Etiquetas, Sea el primero en etiquetar este registro!
Thư viện lưu trữ: Trung tâm Học liệu Trường Đại học Cần Thơ
LEADER 00639nam a2200205Ia 4500
001 CTU_93691
008 210402s9999 xx 000 0 und d
020 |c 24000 
082 |a 428.34 
082 |b Đ104 
245 0 |a Đàm thoại tiếng Anh theo ngữ cảnh = 
245 0 |b Conversations in contexts 
245 0 |c Nguyễn Thành Yến dịch 
260 |a Thành phố Hồ Chí Minh 
260 |b Nhà xuất bản Thành phố Hồ Chí Minh 
260 |c 2004 
650 |a English language 
650 |x Spoken english 
904 |i TRúc 
980 |a Trung tâm Học liệu Trường Đại học Cần Thơ